| 000 | 00464cam a2200181ua 4500 | ||
|---|---|---|---|
| 020 |
_a81 85095 33 7 _c76.00 |
||
| 041 |
_aeng _h |
||
| 082 |
_a620.106 _bROY/AP |
||
| 100 | _aRoy, D N . | ||
| 245 |
_aApplied fluid mechanics / _cD N Roy. _hTextual Documents |
||
| 250 |
_a1 / _b. |
||
| 260 |
_aNew Delhi : _bAffiliated East West Press Pvt Ltd , _c1987. |
||
| 300 | _a556 ; . | ||
| 365 | _a76.00 | ||
| 504 | _a | ||
| 942 | _cBK | ||
| 999 |
_c10265 _d10265 |
||